Terapia visual : diagnóstico y tratamiento /
保存先:
| その他の著者: | , |
|---|---|
| フォーマット: | 電子媒体 eBook |
| 言語: | スペイン語 |
| 版: | Primera edición. |
| 主題: | |
| オンライン・アクセス: | Digitalia Hispánica |
| タグ: |
タグ追加
タグなし, このレコードへの初めてのタグを付けませんか!
|
MARC
| LEADER | 00000nam a2200000 i 4500 | ||
|---|---|---|---|
| 001 | DIGUSALLE0329 | ||
| 003 | NyNyDIG | ||
| 007 | cr ||||||||||| | ||
| 008 | 250708s2025 ck ao ob 000 0 spa d | ||
| 006 | m o d | ||
| 035 | |a (OCoLC)1524021189 | ||
| 040 | |a DGITA |b eng |e rda |e pn |c DGITA | ||
| 020 | |a 9786287645851 |q eBook |q pdf | ||
| 020 | |a 9786287645844 |q eBook |q ePub | ||
| 020 | |z 9786287645837 | ||
| 024 | 7 | |a 10.19052/9786287645851 |2 doi | |
| 050 | 1 | 4 | |a RE992.O7 ebook |
| 245 | 0 | 0 | |a Terapia visual : |b diagnóstico y tratamiento / |c editoras, Nancy Piedad Molina Montoya, Sandra Patricia Jurado Medina. |
| 250 | |a Primera edición. | ||
| 300 | |a 1 online resource : |b illustrations, photographs. | ||
| 336 | |a text |b txt |2 rdacontent | ||
| 337 | |a computer |b c |2 rdamedia | ||
| 338 | |a online resource |b cr |2 rdacarrier | ||
| 347 | |a text file |2 rdaft | ||
| 347 | |b PDF | ||
| 347 | |b EPUB | ||
| 500 | |a "Universidad de La Salle, Facultad de Ciencias de la Salud". | ||
| 504 | |a Includes bibliographical references. | ||
| 588 | 0 | |a Online resource; title from PDF title page (Digitalia, viewed July 8, 2025) | |
| 650 | 0 | |a Orthoptics. | |
| 650 | 0 | |a Therapeutics, Ophthalmological. | |
| 650 | 0 | |a Visual training. | |
| 700 | 1 | |a Molina Montoya, Nancy Piedad, |e editor. | |
| 700 | 1 | |a Jurado Medina, Sandra Patricia, |e editor. | |
| 791 | 2 | |a Digitalia (Firm), |e distributor. | |
| 793 | 0 | |g Digitalia eBook Collection: |a Universidad de la Salle | |
| 776 | 0 | 8 | |i Print version: |t Terapia visual. |b Primera edición. |d Bogotá, D.C. : Ediciones Unisalle, [2025] |z 9786287645837 |
| 856 | 4 | 0 | |3 Digitalia Hispánica |u https://digitalia.unach.elogim.com/a/173224/ |
| 910 | |a Premium collection: 2025 | ||